| 000 | 00755cam a2200241 4500 | ||
|---|---|---|---|
| 008 | |||
| 020 | _a0070353484 (hbk.) | ||
| 049 | _aMAIN | ||
| 090 |
_aQK870 _bKRA |
||
| 100 | 1 | _aKramer, Paul Jackson. | |
| 245 | 1 | 0 |
_aPlant & soil water relationships : _ba modern synthesis / _c[by] Paul J. Kramer. |
| 260 |
_aNew York : _bMcGraw-Hill , _c[1969]. |
||
| 300 |
_axiv, 482 p. : _bill. ; _c23 cm. |
||
| 440 | 0 | _aMcGraw-Hill series in organismic biology. | |
| 504 | _aIncludes bibliographical references. | ||
| 500 | _aIncludes index. | ||
| 650 | 0 | _aPlant-water relationships. | |
| 907 |
_a.b10055174 _b16-04-12 _c17-04-03 |
||
| 003 | |||
| 005 | 20230123133231.0 | ||
| 040 | _cNUST | ||
| 942 |
_cBOOKS _kQK870 _mKRA |
||
| 999 |
_c145057 _d145057 |
||